[Event "ICS rated blitz match"]
[Site "204.178.125.65"]
[Date "2000.10.11"]
[Round "?"]
[White "QueenMaxima"]
[Black "Hossa"]
[Result "1/2-1/2"]
[WhiteElo "2564"]
[BlackElo "2518"]
[PlyCount "188"]
[EventDate "2000.??.??"]

1. e3 e5 2. c4 Nc6 3. Nc3 Nf6 4. Nf3 Bb4 5. Qc2 O-O 6. Nd5 d6 7. a3 Ba5 8. b4
Bb6 9. Ng5 g6 10. Nxf6+ Qxf6 11. Ne4 Qh4 12. g3 Qe7 13. Bg2 Bf5 14. Bb2 a5 15.
b5 Nd8 16. O-O Ne6 17. d3 Ba7 18. Bc3 Bb6 19. h3 a4 20. Rad1 Ng7 21. Bb4 Bxe4
22. Bxe4 Rfb8 23. Bc3 Qd7 24. Bg2 Qf5 25. Kh1 Ne6 26. Qd2 Qh5 27. Rc1 Nc5 28.
Rb1 Re8 29. Rbd1 Ne6 30. f4 exf4 31. gxf4 Nc5 32. Qf2 Nb3 33. Rde1 Qf5 34. Bxb7
Rab8 35. Be4 Qxh3+ 36. Qh2 Qxh2+ 37. Kxh2 Nc5 38. Bc6 Nxd3 39. Bxe8 Rxe8 40.
Re2 Bc5 41. Kg3 Bxa3 42. Kf3 Bb4 43. Bxb4 Nxb4 44. Ra1 Ra8 45. b6 cxb6 46. Rb2
Nd3 47. Rxb6 Nc5 48. Rxd6 a3 49. Ra2 f5 50. Rd5 Ra5 51. Rdd2 h5 52. Rd8+ Kf7
53. Rc8 Ne4 54. Rc7+ Kf6 55. Rc6+ Kf7 56. Rb6 Nc3 57. Rb7+ Ke8 58. Ra1 a2 59.
Rb8+ Ke7 60. Rb6 Kf7 61. Rb3 Ne4 62. Rb7+ Kf6 63. c5 g5 64. Rb6+ Ke7 65. fxg5
Nxg5+ 66. Kg2 Ne4 67. Rb7+ Ke6 68. c6 Nc3 69. c7 Kd7 70. Kh3 Ra4 71. Rb3 Rc4
72. Ra3 Rxc7 73. Kh4 Ke6 74. Rc1 Kd5 75. Ra8 Rc4+ 76. Kxh5 Ra4 77. Rxa4 Nxa4
78. Kg6 Ke6 79. Kh6 Nc3 80. Rg1 Nb1 81. Rg6+ Kd5 82. Ra6 Nc3 83. Ra7 Kc4 84.
Kg5 f4 85. Kxf4 Kb3 86. Rxa2 Kxa2 87. e4 Kb3 88. e5 Kc4 89. e6 Ne2+ 90. Kf3
Nd4+ 91. Kg3 Kd5 92. e7 Nf5+ 93. Kh3 Nd6 94. e8=Q Nxe8 {
Game drawn because neither player has mating material} 1/2-1/2

[Event "ICS rated blitz match"]
[Site "204.178.125.65"]
[Date "2000.10.11"]
[Round "?"]
[White "Hossa"]
[Black "QueenMaxima"]
[Result "1-0"]
[WhiteElo "2520"]
[BlackElo "2562"]
[PlyCount "113"]
[EventDate "2000.??.??"]

1. e4 c5 2. Nf3 e6 3. d4 cxd4 4. Nxd4 Nc6 5. Nb5 a6 6. Nd6+ Bxd6 7. Qxd6 Nf6 8.
Nc3 Qb6 9. Bd3 Qb4 10. Qg3 O-O 11. a3 Qa5 12. O-O Nh5 13. Qh4 Nf6 14. Bg5 Qe5
15. Bf4 Qc5 16. Be3 Qa5 17. Qg3 Rd8 18. Bg5 Kh8 19. Qh4 Qe5 20. Bf4 Qc5 21. Bc7
Rf8 22. Na4 Qd4 23. Nb6 Ra7 24. Nc4 Nd5 25. Bd6 b5 26. Nd2 Nde7 27. Bxe7 Nxe7
28. Qxe7 Kg8 29. Nf3 Qb6 30. e5 Qd8 31. Qd6 Bb7 32. Nd2 Qh4 33. a4 bxa4 34.
Rfe1 Bc6 35. Be4 Rb7 36. Rxa4 Bxa4 37. Bxb7 Bxc2 38. Rc1 Qg4 39. Bxa6 Qa4 40.
Bc4 Rc8 41. Bb3 Qb5 42. Bxc2 Qxb2 43. Bxh7+ Kxh7 44. Rxc8 Qa1+ 45. Nf1 Qb1 46.
Qxd7 Qf5 47. Qd4 g5 48. Nd2 Qg6 49. Ne4 Qf5 50. Nf6+ Kh6 51. Rh8+ Kg6 52. Rg8+
Kh6 53. Qb4 Qxf6 54. exf6 e5 55. h4 e4 56. Qxe4 g4 57. Rh8# {
QueenMaxima checkmated} 1-0

[Event "ICS rated blitz match"]
[Site "204.178.125.65"]
[Date "2000.10.11"]
[Round "?"]
[White "RebelTiger"]
[Black "Hossa"]
[Result "1-0"]
[WhiteElo "2882"]
[BlackElo "2538"]
[PlyCount "147"]
[EventDate "2000.??.??"]

1. d4 d5 2. c4 dxc4 3. Nf3 Nf6 4. e3 b5 5. a4 c6 6. axb5 cxb5 7. b3 Be6 8. bxc4
Bxc4 9. Bxc4 bxc4 10. Ne5 e6 11. O-O Nbd7 12. Nxc4 Be7 13. Ba3 Bxa3 14. Rxa3
O-O 15. Nbd2 Nb6 16. Qe2 Nxc4 17. Nxc4 Qd5 18. Ra5 Qb7 19. Rfa1 Rfb8 20. Qd3
Rd8 21. Qa3 Rd7 22. Ra6 Nd5 23. Nd6 Qb4 24. Ne4 Rc7 25. h3 Qxa3 26. R6xa3 Nb4
27. Rb1 Rb7 28. Ra5 Rbb8 29. Rba1 Rb7 30. Nc5 Rc7 31. Na6 Nxa6 32. Rxa6 Kf8 33.
R1a2 h5 34. Kf1 g6 35. Ke2 Kg7 36. Kf3 Rb7 37. g4 hxg4+ 38. hxg4 Rd7 39. Ke4
Rc7 40. f4 Re7 41. Ke5 f6+ 42. Ke4 Kf8 43. R2a5 Kg7 44. g5 Kf7 45. gxf6 Kxf6
46. Rb5 Rh8 47. d5 Kf7 48. d6 Rd7 49. Kd4 Kf6 50. e4 Rh4 51. Kc5 Rxf4 52. Kc6
Rd8 53. Kc7 Ra8 54. d7 Ke7 55. Re5 Rf6 56. Rd6 Rg8 57. d8=R Rxd8 58. Rxd8 Rf7
59. Rg8 Rf6 60. Rg7+ Kf8 61. Rh7 Kg8 62. Re7 Rf3 63. R5xe6 g5 64. Rd7 Kf8 65.
Kd8 Kg8 66. Re8+ Rf8 67. Rxf8+ Kxf8 68. e5 Kg8 69. e6 g4 70. e7 Kf7 71. Rd6 Kg7
72. e8=Q a5 73. Rg6+ Kh7 74. Qg8# {Hossa checkmated} 1-0

[Event "ICS rated standard match"]
[Site "204.178.125.65"]
[Date "2000.10.11"]
[Round "?"]
[White "RebelTiger"]
[Black "Hossa"]
[Result "1-0"]
[WhiteElo "2641"]
[BlackElo "2417"]
[PlyCount "55"]
[EventDate "2000.??.??"]

1. c4 e5 2. g3 d6 3. Bg2 f5 4. d4 e4 5. f3 Nf6 6. Nc3 Be7 7. fxe4 fxe4 8. Nh3
c6 9. O-O O-O 10. Qb3 Kh8 11. d5 cxd5 12. cxd5 Nbd7 13. Ng5 Nc5 14. Qc4 Qb6 15.
Be3 Qxb2 16. Qd4 Bd7 17. Rab1 Qa3 18. Ncxe4 Nfxe4 19. Nxe4 Qxa2 20. Bh6 Rg8 21.
Rb2 Qa3 22. Rf7 Qa1+ 23. Kf2 Bf8 24. Rxd7 Nxe4+ 25. Bxe4 b6 26. Bxh7 Kxh7 27.
Qe4+ Kxh6 28. Qe6+ {Hossa resigns} 1-0

[Event "ICS rated blitz match"]
[Site "204.178.125.65"]
[Date "2000.10.11"]
[Round "?"]
[White "QueenMaxima"]
[Black "Hossa"]
[Result "0-1"]
[WhiteElo "2550"]
[BlackElo "2535"]
[PlyCount "120"]
[EventDate "2000.??.??"]

1. e3 e5 2. c4 Nc6 3. Nc3 Nf6 4. Nf3 Bb4 5. Qc2 O-O 6. Nd5 d6 7. a3 Ba5 8. Bd3
Kh8 9. b4 Bb6 10. Bb2 Nxd5 11. cxd5 Ne7 12. Qc4 a6 13. O-O Rb8 14. Rac1 Bd7 15.
Qb3 Bg4 16. Bc2 Bxf3 17. gxf3 Ng6 18. Kh1 Qh4 19. Bf5 Ne7 20. Qd3 g6 21. Rc4
Qh6 22. Bd7 Rbd8 23. Ba4 Qh3 24. e4 f5 25. Qe2 fxe4 26. fxe4 Rf4 27. f3 Rdf8
28. Bd1 c6 29. dxc6 bxc6 30. Qg2 Qe6 31. Be2 Qf7 32. Rfc1 Ba7 33. R4c2 Qe6 34.
Bxa6 Rxf3 35. Bc4 d5 36. exd5 cxd5 37. Bb5 Rf2 38. Qg3 d4 39. Bd3 Qd5+ 40. Kg1
e4 41. Bxe4 Qe6 42. Bg2 Kg8 43. Rc7 Bb6 44. Rxe7 Qxe7 45. Bd5+ Kh8 46. a4 Rxd2
47. Ba3 Qe3+ 48. Kh1 Qxg3 49. hxg3 Rd3 50. Bb2 Rxg3 51. a5 Rg5 52. Bb7 Ba7 53.
Ba6 Rf3 54. Rc2 Rh3+ 55. Rh2 Rhg3 56. Rg2 Rxg2 57. Bxd4+ Bxd4 58. Bf1 Rg1+ 59.
Kh2 Be5+ 60. Kh3 Rh1# {QueenMaxima checkmated} 0-1

[Event "ICS rated blitz match"]
[Site "204.178.125.65"]
[Date "2000.10.11"]
[Round "?"]
[White "Hossa"]
[Black "QueenMaxima"]
[Result "1-0"]
[WhiteElo "2552"]
[BlackElo "2533"]
[PlyCount "173"]
[EventDate "2000.??.??"]

1. e4 c5 2. Nf3 e6 3. d4 cxd4 4. Nxd4 Nc6 5. Nb5 a6 6. Nd6+ Bxd6 7. Qxd6 Nf6 8.
Nc3 Qb6 9. Bd3 Qb4 10. Qg3 O-O 11. a3 Qa5 12. O-O Nh5 13. Qh4 Nf6 14. Bg5 Qe5
15. Bf4 Qc5 16. Be3 Qa5 17. Qg3 Rd8 18. Bg5 Kh8 19. Qh4 Qe5 20. Bf4 Qc5 21. Bc7
Rf8 22. Na4 Qd4 23. Nb6 Ra7 24. Nc4 Nd5 25. Bd6 b5 26. Nd2 Nde7 27. Bxe7 Nxe7
28. Qxe7 Rg8 29. Nf3 d5 30. Nxd4 Rxe7 31. exd5 exd5 32. a4 bxa4 33. Rxa4 Rge8
34. Bxa6 Bxa6 35. Rxa6 Re4 36. c3 g6 37. Rd6 R8e5 38. Rd7 Rf4 39. Nf3 Re2 40.
Rb1 Ra4 41. Kf1 Re8 42. Rxd5 Ra2 43. Rd7 f5 44. Ng5 h5 45. Nf7+ Kg8 46. Nd6 Re5
47. c4 g5 48. Rc7 f4 49. Nf7 Rea5 50. Ke2 Kg7 51. Nxg5+ Kg6 52. Nh3 Kf5 53. Kf3
h4 54. Nxf4 R2a4 55. Rh7 Ra2 56. Rxh4 Ra8 57. Nd5 Kg6 58. Rg4+ Kh5 59. Nf6+ Kh6
60. Rg8 Rxg8 61. Nxg8+ Kg5 62. Ne7 Ra6 63. Nd5 Rh6 64. Kg3 Kf5 65. Re1 Rg6+ 66.
Kf3 Rh6 67. h3 Rh7 68. b4 Rh8 69. g4+ Kg6 70. Kg3 Ra8 71. h4 Ra3+ 72. f3 Ra2
73. f4 Ra3+ 74. Re3 Rxe3+ 75. Nxe3 Kf7 76. g5 Ke8 77. h5 Kf7 78. f5 Ke7 79.
Nd5+ Ke8 80. g6 Kd8 81. b5 Ke8 82. c5 Kd7 83. h6 Kd8 84. c6 Kc8 85. g7 Kb8 86.
b6 Kc8 87. g8=Q# {QueenMaxima checkmated} 1-0

[Event "ICS rated standard match"]
[Site "204.178.125.65"]
[Date "2000.10.11"]
[Round "?"]
[White "Hossa"]
[Black "BrazilianMaster"]
[Result "0-1"]
[WhiteElo "2410"]
[BlackElo "2612"]
[PlyCount "92"]
[EventDate "2000.??.??"]

1. e4 c5 2. Nf3 Nc6 3. d4 cxd4 4. Nxd4 e6 5. Nc3 d6 6. Be3 Nf6 7. Bb5 Bd7 8.
O-O Be7 9. Qe2 O-O 10. Rfd1 Nxd4 11. Bxd4 e5 12. Bxe5 dxe5 13. Bxd7 Qb6 14.
Rab1 Qc5 15. Rd2 Rfd8 16. Rbd1 Qb4 17. Qb5 Qxb5 18. Bxb5 Rxd2 19. Rxd2 Bb4 20.
Bc4 Rc8 21. Bd5 Kf8 22. Rd3 Bxc3 23. Rxc3 Rxc3 24. bxc3 Nxd5 25. exd5 b5 26. f4
exf4 27. Kf2 Ke7 28. Kf3 Kd6 29. Ke4 f5+ 30. Kd4 g5 31. a4 bxa4 32. c4 a3 33.
c5+ Kd7 34. Kc3 g4 35. c6+ Kd6 36. Kb3 f3 37. gxf3 gxf3 38. Kxa3 f2 39. c4 f1=Q
40. Kb4 a5+ 41. Kb5 Qb1+ 42. Ka6 Qb8 43. c7 Qxc7 44. Kb5 Qb7+ 45. Kxa5 Kc5 46.
h3 Qa7# {Hossa checkmated} 0-1

[Event "ICS rated standard match"]
[Site "204.178.125.65"]
[Date "2000.10.11"]
[Round "?"]
[White "BrazilianMaster"]
[Black "Hossa"]
[Result "1-0"]
[WhiteElo "2620"]
[BlackElo "2402"]
[PlyCount "185"]
[EventDate "2000.??.??"]

1. d4 d5 2. c4 dxc4 3. e4 e5 4. Nf3 exd4 5. Bxc4 Bb4+ 6. Nbd2 Nc6 7. O-O Nf6 8.
e5 Nd7 9. Bb5 O-O 10. Bxc6 bxc6 11. Nb3 Ba6 12. Nbxd4 Nb8 13. Bg5 Qd7 14. Qb3
Bxf1 15. Rxf1 a5 16. a3 Bc5 17. e6 Qd5 18. exf7+ Qxf7 19. Ne6 Nd7 20. Bf4 a4
21. Qc4 h6 22. Rc1 Nb6 23. Qxc5 Qxe6 24. Bxc7 Nd7 25. Qxc6 Qxc6 26. Rxc6 Rf5
27. Kf1 Ra7 28. Bd6 Rb7 29. Bb4 Rd5 30. Rc3 Rd1+ 31. Ke2 Rb1 32. Rc8+ Kf7 33.
Bc3 Rc1 34. Kd2 Rf1 35. Bd4 Nb6 36. Rc5 Kg8 37. Ke2 Rh1 38. Rb5 Re7+ 39. Kd3
Nd7 40. Ra5 Nf8 41. Rxa4 Ne6 42. Be3 Rd1+ 43. Kc2 Rd5 44. Re4 Rc7+ 45. Kb1 Rd1+
46. Ka2 Rd6 47. b4 Rdc6 48. b5 Rd6 49. a4 Rb7 50. Kb3 Kf7 51. Kb4 Rd1 52. Ka5
Ra1 53. Ne5+ Kf6 54. Nc6 Rd7 55. Kb6 Kf5 56. f3 Ra2 57. g4+ Kf6 58. f4 Rxh2 59.
f5 Nd8 60. Bd4+ Kg5 61. Ne5 Rb7+ 62. Ka6 Rh3 63. Be3+ Rxe3 64. Rxe3 Rb8 65. Re4
Ra8+ 66. Kb6 h5 67. Nf3+ Kf6 68. gxh5 Nf7 69. a5 Kxf5 70. Re1 Kf4 71. Nd4 Nd6
72. a6 Kg4 73. Re6 Nc4+ 74. Kb7 Rg8 75. a7 Nb2 76. Rc6 Re8 77. Ne6 Nd3 78. Nxg7
Rd8 79. Rc4+ Kf3 80. b6 Ne5 81. Rc8 Rd7+ 82. Ka6 Rxg7 83. a8=Q+ Kf4 84. Rf8+
Kg3 85. Qe4 Kh3 86. Qxe5 Rg3 87. Qe6+ Kg2 88. Rf4 Ra3+ 89. Kb7 Ra1 90. Qe2+ Kh3
91. Qg4+ Kh2 92. Rf2+ Kh1 93. Qg2# {Hossa checkmated} 1-0

[Event "ICS rated blitz match"]
[Site "204.178.125.65"]
[Date "2000.10.12"]
[Round "?"]
[White "counterplay"]
[Black "Hossa"]
[Result "1-0"]
[WhiteElo "2789"]
[BlackElo "2557"]
[PlyCount "85"]
[EventDate "2000.??.??"]

1. e4 e5 2. d4 exd4 3. Qxd4 Nc6 4. Qe3 Nf6 5. Nc3 Bb4 6. Bd2 O-O 7. O-O-O Re8
8. Qg3 Rxe4 9. Bg5 Bxc3 10. Qxc3 d6 11. Nf3 Nb4 12. Bc4 b5 13. Bb3 Be6 14. a3
Bxb3 15. Qxb3 Na6 16. Qxb5 Nc5 17. Qc6 Rc4 18. Bxf6 gxf6 19. Qd5 Rf4 20. Rhe1
Rb8 21. Nd4 Qf8 22. f3 Na4 23. g3 Rxd4 24. Rxd4 Qh6+ 25. Rf4 Nxb2 26. Qc6 Kg7
27. Re7 f5 28. Rxf7+ Kxf7 29. Qxc7+ Ke6 30. Qxb8 Na4 31. Qe8+ Kf6 32. Qxa4 Qxh2
33. Qd4+ Ke6 34. Qe3+ Kd7 35. Rxf5 Qxg3 36. Rf7+ Kc6 37. Qe8+ Kb6 38. Qb8+ Kc5
39. Qb4+ Kd5 40. Qe4+ Kc5 41. Rc7+ Kb5 42. Qc6+ Ka5 43. Rxa7# {Hossa checkmated
} 1-0

[Event "ICS Rated blitz match"]
[Site "204.178.125.65"]
[Date "2000.10.12"]
[Round "?"]
[White "finearts"]
[Black "Hossa"]
[Result "1-0"]
[WhiteElo "2018"]
[BlackElo "2550"]
[PlyCount "93"]
[EventDate "2000.??.??"]

1. e4 e5 2. Nc3 Nc6 3. Bc4 Nf6 4. d3 Na5 5. Nf3 Nxc4 6. dxc4 Bb4 7. Qd3 d6 8.
O-O Bxc3 9. bxc3 O-O 10. Be3 Bg4 11. Nd2 Qe7 12. Nb3 b6 13. f3 Bd7 14. Bg5 a5
15. Rad1 a4 16. Nd2 Ra5 17. a3 Be6 18. Rfe1 Rd8 19. Nf1 h6 20. Bh4 Bc8 21. Ne3
c6 22. Rb1 Ra6 23. Rf1 Kh8 24. Rbe1 Ra7 25. Ng4 Bxg4 26. fxg4 g5 27. Qf3 Nxg4
28. Qxg4 gxh4 29. Rf5 Rg8 30. Qh5 Rg6 31. Ref1 Qe6 32. R1f3 Qxc4 33. Qxh4 Rd7
34. h3 Qc5+ 35. Kh2 Kg7 36. Qe1 Qxa3 37. Qf1 Qa2 38. c4 Qxc2 39. Rxf7+ Rxf7 40.
Rxf7+ Kg8 41. Rf8+ Kh7 42. Qf7+ Rg7 43. Qf5+ Rg6 44. Rf7+ Kh8 45. Qxg6 Qxg2+
46. Kxg2 c5 47. Qh7# {Hossa checkmated} 1-0

[Event "ICS rated blitz match"]
[Site "204.178.125.65"]
[Date "2000.10.12"]
[Round "?"]
[White "Hossa"]
[Black "Byzantine"]
[Result "1-0"]
[WhiteElo "2519"]
[BlackElo "2015"]
[PlyCount "57"]
[EventDate "2000.??.??"]

1. d4 Nf6 2. c4 g6 3. Nc3 Bg7 4. e4 O-O 5. Bg5 d6 6. f3 c6 7. Qd2 a6 8. Bh6 b5
9. Qg5 b4 10. Nce2 a5 11. b3 a4 12. bxa4 Rxa4 13. Bxg7 Kxg7 14. Nc1 Qa5 15.
Qxa5 Rxa5 16. Nb3 Ra3 17. Bd3 Nbd7 18. Nh3 Nb6 19. Nf2 Be6 20. d5 Bd7 21. c5
dxc5 22. dxc6 Bxc6 23. Nxc5 Rfa8 24. Rb1 Rxa2 25. Rxb4 Ra1+ 26. Rb1 Nc4 27. O-O
Rxb1 28. Rxb1 Nd6 29. e5 {Byzantine resigns} 1-0

[Event "ICS rated standard match"]
[Site "204.178.125.65"]
[Date "2000.10.12"]
[Round "?"]
[White "Mefisto5000"]
[Black "Hossa"]
[Result "0-1"]
[WhiteElo "2016"]
[BlackElo "2395"]
[PlyCount "88"]
[EventDate "2000.??.??"]

1. d4 d5 2. c4 e6 3. Nf3 Nf6 4. Bg5 Be7 5. e3 O-O 6. Nbd2 Nbd7 7. Rc1 dxc4 8.
Bxc4 a5 9. O-O a4 10. Qe2 a3 11. b3 Nb6 12. Bd3 Nbd5 13. e4 Nb4 14. Bb1 Ng4 15.
Bf4 c6 16. h3 Nf6 17. Rfd1 b6 18. Nc4 Bb7 19. Nfe5 b5 20. Nd2 Qxd4 21. Ndf3 Qa7
22. Nd7 Rfd8 23. Nxf6+ gxf6 24. Nh2 Rxd1+ 25. Rxd1 e5 26. Qg4+ Kh8 27. Qh5 Qb8
28. Qxf7 Qe8 29. Qxe8+ Rxe8 30. Be3 Bc8 31. g4 Be6 32. Nf1 Kg7 33. Ng3 Rg8 34.
Nf5+ Bxf5 35. exf5 Nd5 36. Rc1 Rd8 37. Bd2 Bb4 38. Bxb4 Nxb4 39. Kf1 Rd2 40.
Ke1 Rb2 41. Be4 Rxa2 42. Kf1 Rb2 43. Bxc6 Rxf2+ 44. Kg1 Rc2 {
Mefisto5000 resigns} 0-1

[Event "ICS rated standard match"]
[Site "204.178.125.65"]
[Date "2000.10.12"]
[Round "?"]
[White "Hossa"]
[Black "Mefisto5000"]
[Result "0-1"]
[WhiteElo "2398"]
[BlackElo "2013"]
[PlyCount "154"]
[EventDate "2000.??.??"]

1. d4 e6 2. c4 d5 3. Nc3 Nf6 4. Nf3 Be7 5. e3 O-O 6. c5 c6 7. Bd3 b6 8. cxb6
axb6 9. Bd2 Nbd7 10. Qc2 Ba6 11. Bxa6 Rxa6 12. a3 c5 13. O-O Qb8 14. Qd3 c4 15.
Qe2 b5 16. Ng5 h6 17. Nf3 b4 18. axb4 Rxa1 19. Rxa1 Bxb4 20. Qd1 Nb6 21. Nb5
Be7 22. Ne5 Nc8 23. Qa4 Qb7 24. Ba5 Nb6 25. Bxb6 Qxb6 26. b3 cxb3 27. Rb1 Rb8
28. Qxb3 Qa6 29. Qd3 Rb7 30. f3 Nd7 31. Nxd7 Rxd7 32. Qc2 Rb7 33. Qb3 Qa5 34.
f4 Qd2 35. Qc3 Qxc3 36. Nxc3 Rxb1+ 37. Nxb1 Bb4 38. Kf2 Kf8 39. Ke2 Ke7 40. Nd2
Bxd2 41. Kxd2 f5 42. Kd3 Kd6 43. h3 h5 44. g3 Kc6 45. Kc3 Kb5 46. Kb3 Ka5 47.
Kc2 Kb4 48. Kd3 Kb3 49. Kd2 Kb2 50. Ke1 Kc2 51. Ke2 Kc3 52. Ke1 Kd3 53. Kf2 Kd2
54. Kf3 Ke1 55. Kg2 Ke2 56. Kh2 Kxe3 57. g4 g6 58. gxh5 gxh5 59. Kg2 Kxf4 60.
Kf2 h4 61. Ke2 Kg3 62. Ke1 Kxh3 63. Kf2 Kg4 64. Kf1 Kg3 65. Ke1 Kg2 66. Kd2 f4
67. Kc3 h3 68. Kb4 h2 69. Kc5 h1=Q 70. Kd6 Qh6 71. Kc6 f3 72. Kc7 e5 73. Kd7 e4
74. Ke7 f2 75. Kd7 f1=Q 76. Kc7 Qf7+ 77. Kd8 Qh8# {Hossa checkmated} 0-1

[Event "ICS rated blitz match"]
[Site "204.178.125.65"]
[Date "2000.10.12"]
[Round "?"]
[White "Hossa"]
[Black "SwampBaby"]
[Result "1-0"]
[WhiteElo "2527"]
[BlackElo "2095"]
[PlyCount "61"]
[EventDate "2000.??.??"]

1. d4 f5 2. c4 Nf6 3. g3 e6 4. Bg2 d5 5. Nf3 c6 6. O-O Bd6 7. b3 Qe7 8. Bb2 O-O
9. Nbd2 b6 10. Ne5 Bb7 11. Qc2 a5 12. cxd5 cxd5 13. Rac1 Na6 14. Bc3 Rac8 15.
Qd3 Ne4 16. Nxe4 dxe4 17. Qb5 Ba3 18. Qxb6 Bxc1 19. Rxc1 Nb4 20. Qxa5 Bd5 21.
Nc4 Nc6 22. Qc5 Qg5 23. Rc2 f4 24. Nd6 fxg3 25. hxg3 Qg6 26. Nxc8 e3 27. Bxd5
exf2+ 28. Kf1 Qxc2 29. Bxe6+ Rf7 30. Bxf7+ Kxf7 31. Qxc6 {SwampBaby resigns}
1-0

[Event "ICS rated blitz match"]
[Site "204.178.125.65"]
[Date "2000.10.12"]
[Round "?"]
[White "SwampBaby"]
[Black "Hossa"]
[Result "0-1"]
[WhiteElo "2093"]
[BlackElo "2529"]
[PlyCount "52"]
[EventDate "2000.??.??"]

1. g3 Nf6 2. b3 Nc6 3. Bb2 e5 4. Bg2 d5 5. a3 Be7 6. d3 O-O 7. Nd2 Bf5 8. c4 d4
9. b4 a6 10. Ne4 Nxe4 11. dxe4 Be6 12. Qd3 Qd7 13. Nf3 Bh3 14. Bxh3 Qxh3 15. b5
Na5 16. Nxe5 Qg2 17. Rf1 Rfd8 18. Nf3 axb5 19. cxb5 Qh3 20. Rc1 c5 21. bxc6
Nxc6 22. Qb5 Rd7 23. Rxc6 bxc6 24. Qxc6 Rb8 25. Qc2 Rdb7 26. Bc1 Rc8 {
SwampBaby resigns} 0-1

[Event "ICS rated blitz match"]
[Site "204.178.125.65"]
[Date "2000.10.12"]
[Round "?"]
[White "Hossa"]
[Black "SwampBaby"]
[Result "1-0"]
[WhiteElo "2531"]
[BlackElo "2091"]
[PlyCount "61"]
[EventDate "2000.??.??"]

1. e4 e6 2. d4 d5 3. Nc3 Bb4 4. e5 Ne7 5. a3 Bxc3+ 6. bxc3 c5 7. Qg4 Kf8 8. Bd3
Qa5 9. Bd2 Nbc6 10. Nf3 Qa4 11. Qh5 h6 12. dxc5 Bd7 13. O-O Kg8 14. Rfb1 Nd8
15. c4 Rc8 16. Qh4 Kf8 17. Bg5 Nec6 18. Rd1 d4 19. Bd2 Ne7 20. Nxd4 Ndc6 21.
Nf3 Be8 22. Qe4 Rd8 23. Qf4 Kg8 24. Bb4 Nxb4 25. axb4 Qxb4 26. Bh7+ Kxh7 27.
Rxd8 Qxc5 28. Qe4+ g6 29. Qxb7 a5 30. Qa8 Qc6 31. Rxa5 {SwampBaby resigns} 1-0

[Event "ICS rated blitz match"]
[Site "204.178.125.65"]
[Date "2000.10.12"]
[Round "?"]
[White "twixer"]
[Black "Hossa"]
[Result "1-0"]
[WhiteElo "2767"]
[BlackElo "2533"]
[PlyCount "155"]
[EventDate "2000.??.??"]

1. d4 d5 2. c4 c6 3. Nc3 Nf6 4. e3 e6 5. Nf3 Nbd7 6. Qc2 dxc4 7. Bxc4 Nb6 8.
Bb3 c5 9. O-O cxd4 10. Nxd4 Bb4 11. Rd1 Bd7 12. Ne4 O-O 13. a3 Be7 14. Nxf6+
Bxf6 15. Qe4 Qc7 16. Bd2 Be5 17. Rac1 Bxh2+ 18. Kh1 Qb8 19. g3 Bxg3 20. fxg3
Qxg3 21. Qxb7 e5 22. Nc2 Ba4 23. Bxa4 Nxa4 24. Be1 Qg4 25. Qb4 Qf3+ 26. Kg1 Nb6
27. Qh4 Rac8 28. Qf2 Qh5 29. Bb4 Rfe8 30. Qh2 Qg4+ 31. Qg2 Qh4 32. b3 Re6 33.
Rd6 Rxd6 34. Bxd6 Qh6 35. Bxe5 Rxc2 36. Rxc2 Qxe3+ 37. Kf1 Qd3+ 38. Ke1 Qe3+
39. Kd1 Qd3+ 40. Kc1 Qe3+ 41. Qd2 Qg1+ 42. Kb2 h5 43. Rc7 Qg6 44. Qd8+ Kh7 45.
Rxa7 Qg2+ 46. Kc3 Nd5+ 47. Kc4 Ne3+ 48. Kc5 Qc2+ 49. Kb4 Qe4+ 50. Bd4 Nf5 51.
Rd7 Qe1+ 52. Bc3 Qe4+ 53. Bd4 Qe1+ 54. Ka4 Kg6 55. Qb6+ Kg5 56. Qb7 Qe8 57. Bb2
f6 58. Ka5 Kh6 59. b4 h4 60. Qc6 Ne7 61. Qc7 Qa8+ 62. Kb5 Ng6 63. Qc1+ Kh7 64.
Bxf6 Qe8 65. Qc6 Qb8+ 66. Ka5 Qg3 67. Rxg7+ Kh6 68. Qd7 Qe5+ 69. Bxe5 Nxe5 70.
Rh7+ Kg5 71. Qe7+ Kf4 72. Rxh4+ Kf5 73. Rh5+ Kf4 74. Qxe5+ Kf3 75. Rh3+ Kf2 76.
Qb2+ Kg1 77. Rc3 Kf1 78. Rc1# {Hossa checkmated} 1-0

[Event "ICS rated blitz match"]
[Site "204.178.125.65"]
[Date "2000.10.12"]
[Round "?"]
[White "Hossa"]
[Black "twixer"]
[Result "0-1"]
[WhiteElo "2526"]
[BlackElo "2774"]
[PlyCount "130"]
[EventDate "2000.??.??"]

1. d4 Nf6 2. c4 e6 3. Nf3 b6 4. Bf4 Bb7 5. Nc3 Bb4 6. a3 Bxc3+ 7. bxc3 d5 8. e3
O-O 9. Be2 Ba6 10. Qa4 Nh5 11. Bg5 f6 12. Bh4 g5 13. Nd2 gxh4 14. Bxh5 dxc4 15.
Bf3 b5 16. Qc2 c6 17. Qe4 Qd7 18. Qxh4 Qg7 19. Ne4 Nd7 20. Nd6 Nb8 21. a4 bxa4
22. Rxa4 Qe7 23. Be4 Rd8 24. Nxc4 Bb5 25. Rb4 Na6 26. Rxb5 cxb5 27. Bxa8 Rxa8
28. Nd2 Nc7 29. O-O Rc8 30. Rc1 a5 31. Ne4 Nd5 32. Nc5 Re8 33. e4 Nc7 34. Ra1
a4 35. c4 e5 36. cxb5 Nxb5 37. Rb1 Nc7 38. Rb7 Ra8 39. Qg4+ Kh8 40. Qg3 a3 41.
Nb3 a2 42. Na1 Rc8 43. Qe3 exd4 44. Qh6 d3 45. Rb2 Ra8 46. h3 Nd5 47. Kh1 Kg8
48. f3 Qe5 49. Qd2 Ne3 50. f4 Qd4 51. Qc1 Nc2 52. Rxc2 dxc2 53. Kh2 Rc8 54.
Nxc2 Qxe4 55. Qe3 Qxe3 56. Nxe3 a1=Q 57. Nf5 Rc1 58. Nh6+ Kf8 59. Kg3 Rc3+ 60.
Kg4 Qd1+ 61. Kh4 Qe1+ 62. Kh5 Qg3 63. Nf5 Qxg2 64. Nh4 Rc5+ 65. Kh6 Qg7# {
Hossa checkmated} 0-1

[Event "ICS rated blitz match"]
[Site "204.178.125.65"]
[Date "2000.10.12"]
[Round "?"]
[White "Sandbagger187"]
[Black "Hossa"]
[Result "1-0"]
[WhiteElo "2201"]
[BlackElo "2520"]
[PlyCount "113"]
[EventDate "2000.??.??"]

1. e4 c5 2. Nf3 e6 3. d4 cxd4 4. Nxd4 Nc6 5. Nc3 Qc7 6. Be3 a6 7. f4 Bb4 8. Bd3
Nf6 9. O-O Bc5 10. Nce2 Ng4 11. Qd2 Nxe3 12. Qxe3 Nxd4 13. Nxd4 Qb6 14. c3 Qxb2
15. Bc4 Qa3 16. Kh1 d6 17. f5 e5 18. f6 gxf6 19. Qh6 exd4 20. Qxf6 Rf8 21. cxd4
Bxd4 22. Bxf7+ Rxf7 23. Qxf7+ Kd8 24. Rad1 Qb2 25. Qxh7 Bd7 26. Rf7 Qb5 27. Rc1
Bc3 28. h3 Be8 29. Rxb7 Qxb7 30. Qxb7 Rc8 31. Qxc8+ Kxc8 32. Rxc3+ Kd7 33. g4
Ke6 34. Kg2 Ke5 35. Kf3 Bf7 36. a3 Bg6 37. Re3 Bf7 38. h4 Bc4 39. h5 Bf7 40. h6
Bg6 41. Re1 a5 42. a4 Bh7 43. g5 Bg6 44. Ke3 Bh7 45. Rh1 d5 46. exd5 Kxd5 47.
g6 Bxg6 48. h7 Kc4 49. h8=Q Bf5 50. Qd4+ Kb3 51. Rc1 Bc2 52. Rxc2 Kxc2 53. Qc4+
Kb2 54. Kd2 Ka3 55. Qb5 Ka2 56. Kc2 Ka3 57. Qb3# {Hossa checkmated} 1-0

[Event "ICS rated blitz match"]
[Site "204.178.125.65"]
[Date "2000.10.12"]
[Round "?"]
[White "Tinker"]
[Black "Hossa"]
[Result "0-1"]
[WhiteElo "2344"]
[BlackElo "2492"]
[PlyCount "58"]
[EventDate "2000.??.??"]

1. e4 e5 2. Nf3 Nc6 3. Bc4 Bc5 4. c3 Nf6 5. d3 d6 6. b4 Bb6 7. a4 a6 8. a5 Ba7
9. Qe2 O-O 10. O-O Bg4 11. h3 Be6 12. Bxe6 fxe6 13. Bg5 Qe8 14. Be3 Nh5 15.
Bxa7 Nf4 16. Qe3 Qg6 17. Ne1 Nxa7 18. Na3 Nc6 19. Ra2 Qf6 20. Qg3 d5 21. Rd2 d4
22. cxd4 Nxd4 23. Qg4 Qh6 24. Qd1 Rf6 25. Kh2 Rg6 26. f3 Qh4 27. Rb2 Nxh3 28.
g4 Nf2+ 29. Kg2 Nxd1 {Tinker resigns} 0-1

[Event "ICS rated blitz match"]
[Site "204.178.125.65"]
[Date "2000.10.12"]
[Round "?"]
[White "Hossa"]
[Black "Tinker"]
[Result "1-0"]
[WhiteElo "2502"]
[BlackElo "2334"]
[PlyCount "133"]
[EventDate "2000.??.??"]

1. e4 d5 2. exd5 Nf6 3. d4 Nxd5 4. c4 Nf6 5. Nf3 c5 6. d5 e6 7. Nc3 Bd7 8. Bf4
Qb6 9. Qd2 exd5 10. cxd5 Bd6 11. Qe2+ Kf8 12. Ne5 Bxe5 13. Bxe5 Ng4 14. Bf4 Na6
15. Qd2 Re8+ 16. Be2 Ne5 17. O-O Qg6 18. a3 h6 19. Rfe1 Rh7 20. Rac1 Kg8 21. f3
f5 22. d6 Nc6 23. Bxa6 Rxe1+ 24. Rxe1 bxa6 25. Qd5+ Qf7 26. Qxc5 Qb3 27. Qd5+
Qxd5 28. Nxd5 a5 29. Ne7+ Nxe7 30. dxe7 Kf7 31. Bb8 a6 32. Bc7 a4 33. Kf2 Rh8
34. Bd8 Bb5 35. Ke3 h5 36. Kf4 Bd7 37. Rd1 Ke6 38. Kg5 g6 39. h3 Rg8 40. h4 Bc6
41. Rd4 Ke5 42. Rc4 Bb5 43. Rc3 Ke6 44. Re3+ Kf7 45. Re1 Bc4 46. Rc1 Bb5 47.
Rd1 Ke6 48. Rd2 Bc4 49. Rc2 Bb5 50. f4 Be8 51. Rc1 Bd7 52. g3 Be8 53. Re1+ Kf7
54. Rc1 Ke6 55. Rd1 Bc6 56. Rd4 Bb5 57. Rd2 Be8 58. Rc2 Rh8 59. Rc3 Kd5 60. Bb6
Ke6 61. Bc5 Bf7 62. Re3+ Kd5 63. Kf6 Rh7 64. Bb4 Be8 65. Rd3+ Kc6 66. Rd8 Bd7
67. Kxg6 {Tinker resigns} 1-0